00942nam a22002417a 4500003001100000005001700011008004100028040003900069041000800108082000800116245012900124260003000253300004400283650004500327650003600372650003800408650004200446700002400488942000700512952008300519952008300602999001500685LK-CoMWRAF20230826075948.0230826b2014 |||||||| |||| 00| 0 eng d aLK-CoMWRAFdLK-CoMWRAFeLK-CoMWRAF aeng bGEN aGender dimensions of climate change : climate change, energy and women b: a case study of coastal community in Sindh aLahorebShirkat Gahc2014 a84 p. ill,; 25cmbBibliography included aWOMEN AND THE ENVIRONMENT-PAKISTAN-SINDH aSocial conditions-Women-Sindh,  aEconomic conditions-Women-Sindh,  aHuman beings--Climatic changes-Sindh. aIrshad, Sadia eed. cBK 00104070aMAINbMAINd2023-08-26l0oGENpRAF170r2023-08-26w2023-08-26yBK 00104070aMAINbMAINd2023-08-26l0oGENpRAF171r2023-08-26w2023-08-26yBK c3273d3273